000 01165nam a22002057a 4500
003 OSt
005 20180910092015.0
008 180220b xxu||||| |||| 00| 0 spa d
020 _a9502002210
040 _cPJ
100 _9131
_aLoutayf Ranea, Roberto G.
245 1 3 _aEl recurso ordinario de apelación en el proceso civil :
_blegislación, doctrina, jurisprudencia /
_cRoberto G. Loutayf.
260 _aBuenos Aires :
_cAstrea,
_b1989.
300 _a2 v.
_c23 cm.
_brústica
505 _aContenido: v. 1: Sujetos y objeto de la apelación -- El agravio -- Resoluciones recurribles -- Criterios interpretativos -- Requisitos fiscales -- Atribuciones y límites del tribunal -- Renuncia -- Desistimiento -- Deserción del recurso -- Adhesión a la apelación. v. 2: Interposición -- Concesión -- Efectos -- Prueba -- Hechos nuevos -- Acuerdo y sentencia de segunda instancia -- Plazos -- Ejecutoriedad -- Queja por apelación denegada -- Caducidad de la segunda instancia -- Recurso de nulidad.
650 0 _9267
_aDERECHO PROCESAL
650 0 _9178
_aDERECHO CONSTITUCIONAL
650 0 _92083
_aRECURSO DE APELACIÓN (PROCESAL)
942 _2udc
_cLIB
_iLOU
999 _c1426
_d1426